[Event "Cardona Memorial 22nd"]
[Site "Catalunya"]
[Date "2019.04.06"]
[Round "8"]
[White "Domene Mulyukov, Alexander"]
[Black "Lorenzo Carrasco, Josep"]
[Result "1-0"]
[WhiteElo "1773"]
[BlackElo "1513"]
[PlyCount "75"]
[EventDate "2019.03.16"]
[EventType "swiss"]
[EventRounds "8"]
[EventCountry "ESP"]
[SourceTitle "EXT 2020"]
[Source "ChessBase"]
[SourceDate "2019.10.17"]
[SourceVersion "1"]
[SourceVersionDate "2019.10.17"]
[SourceQuality "1"]

1. e4 c5 2. Nf3 Nc6 3. d4 cxd4 4. Nxd4 g6 5. Nc3 Bg7 6. Be3 Nf6 7. Be2 0-0 8. 0-0 d5 9. exd5 Nxd5 10. Nxd5 Qxd5 11. Bf3 Qe5 12. Nxc6 bxc6 13. Bxc6 Rb8 14. Bxa7 Rxb2 15. Be3 Qc3 16. Be4 Be6 17. a4 Bc4 18. Re1 Qe5 19. Bf3 Qc7 20. a5 Rd8 21. Qc1 Rdb8 22. a6 Bxa6 23. Rxa6 Rxc2 24. Qd1 Bb2 25. Qd3 Rc3 26. Qe4 Rc4 27. Qd5 e6 28. Qg5 Rbb4 29. Ra8+ Kg7 30. Qh6+ Kf6 31. Bg5+ Kf5 32. h3 Bg7 33. g4+ Rxg4+ 34. hxg4+ Rxg4+ 35. Bxg4+ Kxg4 36. Ra4+ Kf5 37. Qh4 e5 38. Qg4# 1-0

[Event "Tarragona Province-ch B"]
[Site "Tarragona"]
[Date "2015.10.11"]
[Round "3.3"]
[White "Lorenzo Carrasco, Josep"]
[Black "Rius Molina, Cosme"]
[Result "0-1"]
[WhiteElo "1835"]
[BlackElo "1923"]
[PlyCount "66"]
[EventDate "2015.09.27"]
[EventType "swiss"]
[EventRounds "9"]
[EventCountry "ESP"]
[SourceTitle "EXT 2024"]
[Source "ChessBase"]
[SourceDate "2023.10.10"]
[SourceVersion "1"]
[SourceVersionDate "2023.10.10"]
[SourceQuality "1"]

1. e4 d5 2. exd5 Qxd5 3. Nc3 Qd8 4. d4 Bf5 5. Bc4 Nc6 6. Nf3 Nb4 7. Bb3 e6 8. 0-0 Bd6 9. a3 Nc6 10. Qe2 Nge7 11. d5 exd5 12. Bxd5 0-0 13. Ba2 h6 14. Nh4 Re8 15. Nxf5 Nxf5 16. Qc4 Ne5 17. Qe4 Nd4 18. Qxd4 Nf3+ 19. gxf3 Bxh2+ 20. Kxh2 Qxd4 21. Ne4 Qe5+ 22. Ng3 h5 23. f4 Qc5 24. Bb3 h4 25. Nh1 Qc6 26. Be3 Rad8 27. c3 Rd6 28. Bd4 Qf3 29. Be5 Rxe5 30. fxe5 Qf4+ 31. Kg2 Rg6+ 32. Ng3 hxg3 33. f3 Qd2+ 0-1